<?xml version="1.0" encoding="UTF-8"?>
<record
    xmlns:xsi="http://www.w3.org/2001/XMLSchema-instance"
    xsi:schemaLocation="http://www.loc.gov/MARC21/slim http://www.loc.gov/standards/marcxml/schema/MARC21slim.xsd"
    xmlns="http://www.loc.gov/MARC21/slim">

  <leader>03523nam a2200313   4500</leader>
  <controlfield tag="001">113486</controlfield>
  <controlfield tag="003">DR-UNIBE</controlfield>
  <controlfield tag="005">20250827062550.0</controlfield>
  <controlfield tag="008">250424b2025    dr ||||| |||| 00| 0 spa d</controlfield>
  <datafield tag="020" ind1=" " ind2=" ">
    <subfield code="a">9789945251203</subfield>
  </datafield>
  <datafield tag="040" ind1=" " ind2=" ">
    <subfield code="a">BIBLIOTECA UNIBE</subfield>
    <subfield code="c">BIBLIOTECA UNIBE</subfield>
    <subfield code="b">spa</subfield>
    <subfield code="e">rda</subfield>
  </datafield>
  <datafield tag="041" ind1=" " ind2=" ">
    <subfield code="a">spa</subfield>
  </datafield>
  <datafield tag="082" ind1=" " ind2=" ">
    <subfield code="2">22</subfield>
    <subfield code="a">R RD 923.75 G377c </subfield>
  </datafield>
  <datafield tag="100" ind1="1" ind2="0">
    <subfield code="a">Ger&#xF3;n, C&#xE1;ndido, </subfield>
    <subfield code="d">1950-</subfield>
    <subfield code="q">(Ara&#xFA;jo Ger&#xF3;n, C&#xE1;ndido)</subfield>
    <subfield code="9">24252</subfield>
    <subfield code="e">autor</subfield>
    <subfield code="e">cuidado de la edici&#xF3;n</subfield>
  </datafield>
  <datafield tag="245" ind1="1" ind2="0">
    <subfield code="a">Centenario del maestro Guillo P&#xE9;rez : </subfield>
    <subfield code="b">1923-2023 /</subfield>
    <subfield code="c">C&#xE1;ndido Ger&#xF3;n ; cuidado de edici&#xF3;n : C&#xE1;ndido Ger&#xF3;n ; dise&#xF1;o general : Alexander Araujo Batista ; im&#xE1;genes hist&#xF3;ricas : Archivo General de la Naci&#xF3;n</subfield>
  </datafield>
  <datafield tag="250" ind1=" " ind2=" ">
    <subfield code="a">Primera edici&#xF3;n</subfield>
  </datafield>
  <datafield tag="260" ind1=" " ind2=" ">
    <subfield code="a">Santo Domingo :</subfield>
    <subfield code="b"> Archivo General de la Naci&#xF3;n (AGN),</subfield>
    <subfield code="c">2025</subfield>
  </datafield>
  <datafield tag="300" ind1=" " ind2=" ">
    <subfield code="a">231 p&#xE1;ginas : </subfield>
    <subfield code="b">fotos a color ;</subfield>
    <subfield code="c">30 x 22 cm</subfield>
  </datafield>
  <datafield tag="490" ind1=" " ind2=" ">
    <subfield code="a">Archivo General de la Naci&#xF3;n ; </subfield>
    <subfield code="v">526</subfield>
  </datafield>
  <datafield tag="500" ind1=" " ind2=" ">
    <subfield code="a">Informaci&#xF3;n sobre el autor en las solapas. Portada: sin t&#xED;tulo,36 x 44 pulgadas, &#xF3;leo sobre tela, colecci&#xF3;n Jos&#xE9; Luis Cartagena</subfield>
  </datafield>
  <datafield tag="505" ind1=" " ind2=" ">
    <subfield code="a">Introducci&#xF3;n |
Todo lo que hay que saber del arte del maestro Guillo P&#xE9;rez |
Centenario del maestro Guillo P&#xE9;rez : patrimonio hist&#xF3;rico dominicano |
Guillo P&#xE9;rez sigue siendo el mejor colorista |
Guillo P&#xE9;rez y la poes&#xED;a del color |
Guillo P&#xE9;rez y los sentimientos comunes |
Guillo P&#xE9;rez, el arte y la autenticidad |
Permanencia de Guillo P&#xE9;rez |
Art&#xED;culos.
Informalismo total y espacialismo absoluto en la nueva obra abstracta de Guillo P&#xE9;rez. Manuel Valldeperes 1964 |
Guillo P&#xE9;rez : imagen de su pintura. Francisco Comarazamy 1969 |
Guillo P&#xE9;rez presenta temas coloniales. Mar&#xED;a Ugarte 1970 |
Guillo P&#xE9;rez en busca de su color. Enrique de Marchena y Dujarric 1972 |
Guillo P&#xE9;rez aten&#xFA;a su cromatismo en impresiones de tierra santa. Fernando Pe&#xF1;a Defill&#xF3; 1973 |
La hermosa pintura de Guillo P&#xE9;rez. Marianne de Tolentino 1973 |
Una nueva etapa en la pintura de Guillo P&#xE9;rez. Danilo Lassose 1974 |
El buey, el ingenio, el picador, la ca&#xF1;a : protagonistas de la nueva pintura de Guillo. &#xC1;ngela Pe&#xF1;a 1976 |
Guillo P&#xE9;rez incorpora la Sociolog&#xED;a y la Pintura. Francisco Comarazamy 1976 |
Guillo P&#xE9;rez, un momento del arte nacional. Marianne de Tolentino 1976 |
El gallo pasa a enriquecer la pintura de Guillo P&#xE9;rez. Francisco Comarazamy 1980 |
Los gallos de Guillo : tema con magn&#xED;ficos resultados pict&#xF3;ricos. Jeannette Miller 1980 |
La m&#xE1;quina del tiempo en la vida y obra del maestro Guillo P&#xE9;rez. &#xC1;ngela Pe&#xF1;a 1980 |
Guillo P&#xE9;rez, pintor de lo nacional y lo universal. Danilo Lassose 1980 |
Guillo P&#xE9;rez, el gran colorista dominicano. Danilo de los Santos 1990 |
La potencialidad crom&#xE1;tica y afectiva en la pintura del maestro Guillo P&#xE9;rez. C&#xE1;ndido Ger&#xF3;n 1980 &#x250C;
Una nueva f&#xF3;rmula est&#xE9;tica para la pintura latinoamericana. Abil Peralta 1991 |
&#xA1;Oh pero si este Guillo P&#xE9;rez es un Chaman aeda, c&#xF3;mplice tel&#xFA;rico o aurora!. Tony Raful 1992 |
Guillo P&#xE9;rez : pintor de la nacionalidad dominicana. Eduardo mercedes |
Guillo P&#xE9;rez : 50 a&#xF1;os en el arte. Virginia Goris 1995 |
Biograf&#xED;a, 223</subfield>
  </datafield>
  <datafield tag="600" ind1=" " ind2="0">
    <subfield code="a"> </subfield>
    <subfield code="x">Biograf&#xED;as</subfield>
    <subfield code="9">194545</subfield>
  </datafield>
  <datafield tag="600" ind1=" " ind2="7">
    <subfield code="a">Perez, Guillo,</subfield>
    <subfield code="d">1923 -2014 </subfield>
    <subfield code="q">(P&#xE9;rez Chic&#xF3;n, Guillermo)</subfield>
    <subfield code="x">Vida y obra</subfield>
    <subfield code="9">50054</subfield>
  </datafield>
  <datafield tag="650" ind1=" " ind2="7">
    <subfield code="2">lemb</subfield>
    <subfield code="a">Pintores dominicanos</subfield>
    <subfield code="x">Biograf&#xED;as</subfield>
    <subfield code="9">194633</subfield>
  </datafield>
  <datafield tag="650" ind1=" " ind2="7">
    <subfield code="2">lemb</subfield>
    <subfield code="a">Artistas dominicanos </subfield>
    <subfield code="x">Biograf&#xED;as</subfield>
    <subfield code="9">194634</subfield>
  </datafield>
  <datafield tag="700" ind1="1" ind2="0">
    <subfield code="a">Araujo Batista, Alexander</subfield>
    <subfield code="9">194544</subfield>
    <subfield code="e">dise&#xF1;ador general</subfield>
  </datafield>
  <datafield tag="710" ind1="1" ind2="0">
    <subfield code="a">Archivo General de la Naci&#xF3;n (AGN)</subfield>
    <subfield code="9">8461</subfield>
    <subfield code="e">im&#xE1;genes hist&#xF3;ricas</subfield>
  </datafield>
  <datafield tag="942" ind1=" " ind2=" ">
    <subfield code="2">ddc</subfield>
    <subfield code="c">BK</subfield>
  </datafield>
  <datafield tag="999" ind1=" " ind2=" ">
    <subfield code="c">113486</subfield>
    <subfield code="d">113486</subfield>
  </datafield>
  <datafield tag="952" ind1=" " ind2=" ">
    <subfield code="0">0</subfield>
    <subfield code="1">0</subfield>
    <subfield code="2">ddc</subfield>
    <subfield code="7">0</subfield>
    <subfield code="8">GEN-RD</subfield>
    <subfield code="a">Principal</subfield>
    <subfield code="d">2025-04-28</subfield>
    <subfield code="l">0</subfield>
    <subfield code="o">R RD 923.75 G377c </subfield>
    <subfield code="p">250470</subfield>
    <subfield code="r">2025-04-24 13:13:59</subfield>
    <subfield code="t">Ej. 1</subfield>
    <subfield code="w">2025-04-24</subfield>
    <subfield code="y">BK</subfield>
  </datafield>
  <datafield tag="952" ind1=" " ind2=" ">
    <subfield code="0">0</subfield>
    <subfield code="1">0</subfield>
    <subfield code="2">ddc</subfield>
    <subfield code="7">0</subfield>
    <subfield code="8">GEN-RD</subfield>
    <subfield code="a">Principal</subfield>
    <subfield code="d">2025-04-28</subfield>
    <subfield code="l">0</subfield>
    <subfield code="o">R RD 923.75 G377c </subfield>
    <subfield code="p">250471</subfield>
    <subfield code="r">2025-04-24 13:13:59</subfield>
    <subfield code="t">Ej. 2</subfield>
    <subfield code="w">2025-04-24</subfield>
    <subfield code="y">BK</subfield>
  </datafield>
</record>
